|
|
|
|
| LEADER |
01527nam a2200349Ia 4500 |
| 001 |
EBC296091 |
| 003 |
MiAaPQ |
| 005 |
20200520144314.0 |
| 006 |
m o d | |
| 007 |
cr cn||||||||| |
| 008 |
041020s2004 enka sb 100 0 eng d |
| 020 |
|
|
|z 1860944604 (pbk.)
|
| 035 |
|
|
|a (MiAaPQ)EBC296091
|
| 035 |
|
|
|a (Au-PeEL)EBL296091
|
| 035 |
|
|
|a (CaPaEBR)ebr10174008
|
| 035 |
|
|
|a (CaONFJC)MIL83749
|
| 035 |
|
|
|a (OCoLC)476063302
|
| 040 |
|
|
|a MiAaPQ
|c MiAaPQ
|d MiAaPQ
|
| 050 |
|
4 |
|a HD69.S8
|b W67 2004
|
| 111 |
2 |
|
|a Workshop on Organisational Networks as Distributed Systems of Knowledge
|d (2001 :
|c University of Lecce)
|
| 245 |
1 |
0 |
|a Complexity theory and the management of networks
|h [electronic resource] :
|b proceedings of the Workshop on Organisational Networks as Distributed Systems of Knowledge, University of Lecce, Italy 2001 /
|c editors, Pierpaolo Andriani, Giuseppina Passiante.
|
| 260 |
|
|
|a London :
|b Imperial College Press,
|c c2004.
|
| 300 |
|
|
|a xvii, 171 p. :
|b ill.
|
| 504 |
|
|
|a Includes bibliographical references.
|
| 533 |
|
|
|a Electronic reproduction. Ann Arbor, MI : ProQuest, 2015. Available via World Wide Web. Access may be limited to ProQuest affiliated libraries.
|
| 650 |
|
0 |
|a Business networks
|v Congresses.
|
| 650 |
|
0 |
|a Knowledge management
|v Congresses.
|
| 655 |
|
4 |
|a Electronic books.
|
| 700 |
1 |
|
|a Andriani, Pierpaolo.
|
| 700 |
1 |
|
|a Passiante, Giuseppina.
|
| 710 |
2 |
|
|a ProQuest (Firm)
|
| 856 |
4 |
0 |
|u https://ebookcentral.proquest.com/lib/matrademy/detail.action?docID=296091
|z Click to View
|